Constitución Política de Nicaragua

Tallennettuna:
Bibliografiset tiedot
Yhteisötekijä: La Gaceta
Aineistotyyppi: Teksti
Julkaistu: Managua: La Gaceta
Tagit: Lisää tagi
Ei tageja, Lisää ensimmäinen tagi!

MARC

LEADER 00000 a a2200000 04500
001 23109
003
040
090 |a 158900  
110 |a La Gaceta  
245 |a Constitución Política de Nicaragua  
260 |a Managua:   |b La Gaceta  
300 |a p. irreg.  
999 |c 16330  |d 16330